000 00906nam a22002177a 4500
999 _c8200
_d8200
003 AR-CdUCM
008 190322b ||||| |||| 00| 0 spa d
040 _aMUNICIPALIDAD PROVINCIAL DEL CUSCO
_cBIBLIOTECA MUNICIPAL DEL CUSCO
082 _a658.16 /
_bH22
100 _aHarbison, Frederick
_923115
245 _aLa dirección de empresa en el mundo industrial :
_banálisis internacional /
260 _aNew York :
_bMcGraw-Hill,
_c1962.
300 _a434 páginas ;
_c23 cm.
505 _aConceptos internacional de la dirección de empresa -- Organización y dirección de empres -- La dirección de empresa como recurso económico -- Comparación de sistema de dirección -- La dirección de empresa en la India ...
650 _aIndustrias
_94471
650 _aAdministración
_94472
650 _aOrganización
_94866
700 _aMayers, Charles A.
_923116
942 _2ddc
_cLIBROS
945 _aacv